<?xml version="1.0" encoding="UTF-8"?>
<record
    xmlns:xsi="http://www.w3.org/2001/XMLSchema-instance"
    xsi:schemaLocation="http://www.loc.gov/MARC21/slim http://www.loc.gov/standards/marcxml/schema/MARC21slim.xsd"
    xmlns="http://www.loc.gov/MARC21/slim">

  <leader>00867nam a22002417a 4500</leader>
  <controlfield tag="003">SEM</controlfield>
  <controlfield tag="005">20260625170148.0</controlfield>
  <controlfield tag="008">260623m1987    ai ||||gr||||||01|||arm|d</controlfield>
  <datafield tag="040" ind1=" " ind2=" ">
    <subfield code="a">SEM</subfield>
    <subfield code="c">SEM</subfield>
  </datafield>
  <datafield tag="041" ind1=" " ind2=" ">
    <subfield code="a">arm</subfield>
  </datafield>
  <datafield tag="080" ind1=" " ind2=" ">
    <subfield code="a">891.981/&#x539;-15</subfield>
  </datafield>
  <datafield tag="100" ind1=" " ind2=" ">
    <subfield code="a">&#x539;&#x561;&#x569;&#x56B;&#x56F;&#x575;&#x561;&#x576;, &#x547;&#x561;&#x570;&#x565;&#x576;</subfield>
  </datafield>
  <datafield tag="245" ind1=" " ind2=" ">
    <subfield code="a">&#x538;&#x576;&#x57F;&#x56B;&#x580; &#x565;&#x580;&#x56F;&#x565;&#x580;:</subfield>
    <subfield code="b">&#x535;&#x580;&#x56F;&#x578;&#x582; &#x570;&#x561;&#x57F;&#x578;&#x580;&#x578;&#x57E; /</subfield>
    <subfield code="c">&#x547;. &#x539;&#x561;&#x569;&#x56B;&#x56F;&#x575;&#x561;&#x576;</subfield>
  </datafield>
  <datafield tag="260" ind1=" " ind2=" ">
    <subfield code="a">&#x535;&#x580;&#x587;&#x561;&#x576; :</subfield>
    <subfield code="b">&#x54D;&#x578;&#x57E;&#x565;&#x57F;. &#x563;&#x580;&#x578;&#x572;,</subfield>
    <subfield code="c">1987-</subfield>
  </datafield>
  <datafield tag="300" ind1=" " ind2=" ">
    <subfield code="a">&#x540;. ;</subfield>
    <subfield code="c">21 &#x57D;&#x574;</subfield>
  </datafield>
  <datafield tag="505" ind1=" " ind2=" ">
    <subfield code="a">&#x540;. 1 -</subfield>
    <subfield code="r">/&#x53D;&#x574;&#x562;.&#x55D; &#x531;. &#x554;&#x56B;&#x577;&#x578;&#x575;&#x561;&#x576; ; &#x531;&#x57C;&#x561;&#x57B;&#x561;&#x562;.&#x55D; &#x54D;. &#x531;&#x580;&#x566;&#x578;&#x582;&#x574;&#x561;&#x576;&#x575;&#x561;&#x576;.-</subfield>
    <subfield code="g">1987.- 750 &#x567;&#x57B;
</subfield>
  </datafield>
  <datafield tag="505" ind1=" " ind2=" ">
    <subfield code="a">&#x540;. 2 -</subfield>
    <subfield code="r">/&#x53D;&#x574;&#x562;.&#x55D; &#x531;. &#x554;&#x56B;&#x577;&#x578;&#x575;&#x561;&#x576;.-</subfield>
    <subfield code="g">1987.- 750 &#x567;&#x57B;
</subfield>
  </datafield>
  <datafield tag="650" ind1=" " ind2=" ">
    <subfield code="a">&#x540;&#x561;&#x575; &#x563;&#x580;&#x561;&#x56F;&#x561;&#x576;&#x578;&#x582;&#x569;&#x575;&#x578;&#x582;&#x576;</subfield>
  </datafield>
  <datafield tag="653" ind1=" " ind2=" ">
    <subfield code="a">&#x54D;&#x537;&#x544;</subfield>
  </datafield>
  <datafield tag="700" ind1=" " ind2=" ">
    <subfield code="a">&#x554;&#x56B;&#x577;&#x578;&#x575;&#x561;&#x576;, &#x531;.</subfield>
    <subfield code="e">&#x56D;&#x574;&#x562;.</subfield>
    <subfield code="4">edt.</subfield>
  </datafield>
  <datafield tag="700" ind1=" " ind2=" ">
    <subfield code="a">&#x531;&#x580;&#x566;&#x578;&#x582;&#x574;&#x561;&#x576;&#x575;&#x561;&#x576;, &#x54D;.</subfield>
    <subfield code="e">&#x561;&#x57C;&#x561;&#x57B;&#x561;&#x562;.</subfield>
    <subfield code="4">pref.</subfield>
  </datafield>
  <datafield tag="942" ind1=" " ind2=" ">
    <subfield code="2">udc</subfield>
    <subfield code="c">BK</subfield>
    <subfield code="n">0</subfield>
  </datafield>
  <datafield tag="999" ind1=" " ind2=" ">
    <subfield code="c">77323</subfield>
    <subfield code="d">77323</subfield>
  </datafield>
  <datafield tag="952" ind1=" " ind2=" ">
    <subfield code="0">0</subfield>
    <subfield code="1">0</subfield>
    <subfield code="2">udc</subfield>
    <subfield code="4">0</subfield>
    <subfield code="7">0</subfield>
    <subfield code="8">&#x533;&#x580;&#x561;&#x57A;&#x561;&#x570;&#x578;&#x581;</subfield>
    <subfield code="a">SEM</subfield>
    <subfield code="b">SEM</subfield>
    <subfield code="d">2026-06-23</subfield>
    <subfield code="g">2500.00</subfield>
    <subfield code="h">&#x540;. 2</subfield>
    <subfield code="i">37503</subfield>
    <subfield code="l">0</subfield>
    <subfield code="o">891.981/&#x539;-15</subfield>
    <subfield code="p">37503</subfield>
    <subfield code="r">2026-06-23</subfield>
    <subfield code="w">2026-06-23</subfield>
    <subfield code="y">BK</subfield>
    <subfield code="z">&#x54D;&#x57A;&#x561;&#x57D;&#x561;&#x580;&#x56F;&#x57E;&#x578;&#x582;&#x574; &#x567; &#x568;&#x576;&#x569;&#x565;&#x580;&#x581;&#x561;&#x57D;&#x580;&#x561;&#x570;</subfield>
  </datafield>
  <datafield tag="952" ind1=" " ind2=" ">
    <subfield code="0">0</subfield>
    <subfield code="1">0</subfield>
    <subfield code="2">udc</subfield>
    <subfield code="4">0</subfield>
    <subfield code="7">0</subfield>
    <subfield code="8">&#x533;&#x580;&#x561;&#x57A;&#x561;&#x570;&#x578;&#x581;</subfield>
    <subfield code="a">SEM</subfield>
    <subfield code="b">SEM</subfield>
    <subfield code="d">2026-06-25</subfield>
    <subfield code="g">3000.00</subfield>
    <subfield code="h">&#x540;&#x2024; 1</subfield>
    <subfield code="i">37492</subfield>
    <subfield code="l">0</subfield>
    <subfield code="o">891.981/&#x539;-15</subfield>
    <subfield code="p">37492</subfield>
    <subfield code="r">2026-06-25</subfield>
    <subfield code="w">2026-06-25</subfield>
    <subfield code="y">BK</subfield>
    <subfield code="z">&#x54D;&#x57A;&#x561;&#x57D;&#x561;&#x580;&#x56F;&#x57E;&#x578;&#x582;&#x574; &#x567; 30 &#x585;&#x580;</subfield>
  </datafield>
</record>
